000 00554nmm a2200169Ia 4500
008 251105s9999||||xx |||||||||||||||||und||
020 _a9788495345448
041 _aspa
100 _aSánchez Sánchez-Cañete, Francisco Javier
245 0 _aJuegos y actividades de cultura ambiental y cambio climático : de 8 a 12 años
264 _a[Madrid, España] :
_bOctaedro,
_c2010
300 _a120 páginas
490 _aOctaedro Andalucía
650 _aEnvironmental Sciences
856 _uhttps://public.digitaliapublishing.com/a/12680
942 _cCF
999 _c89570
_d89570